|
|
|
|
| LEADER |
00000cam a2200000 7i4500 |
| 001 |
0000047535 |
| 005 |
20080131.0 |
| 020 |
|
|
|a 0340635266
|
| 090 |
0 |
0 |
|a 956.8405
|b HIR
|
| 100 |
1 |
|
|a Hiro, Dilip
|
| 245 |
0 |
0 |
|a Sharing the promised land :
|b An interwoven tale of Israelis & Palestinians
|c Dilip Hiro
|
| 260 |
|
|
|a London :
|b Hodder & Stoughton ,
|c 1996
|
| 300 |
|
|
|a 600p. :
|b ill ;
|c 24cm.
|
| 650 |
0 |
0 |
|a Arab-Israeli conflict
|
| 650 |
0 |
0 |
|a Palestinian Arabs
|x Politics and government
|
| 651 |
|
0 |
|a Israel
|x Ethic relations
|
| 999 |
|
|
|a 114022
|b BUKU
|c RUJUKAN
|e PERPUSTAKAAN KOMUNITI PETALING JAYA
|